Online Catalogue and eLibrary

The other victims of war : (Record no. 4474)

MARC details
000 -LEADER
fixed length control field 00286nam a2200097Ia 4500
008 - FIXED-LENGTH DATA ELEMENTS--GENERAL INFORMATION
fixed length control field 240331s9999 xx 000 0 und d
082 ## - DDC Classification
Item Number - Author Mark THI
100 ## - MAIN ENTRY--PERSONAL NAME
Personal name Thiruchandran,S
245 #4 - TITLE STATEMENT
Title The other victims of war :
Remainder of title emegence of female headed households in eastern Sri Lanka Vol. 11
942 ## - Koha item type (Biblio)
Koha item type Books in Stacks (Lending)
Holdings
Lost status Damaged status Collection code Home library Current library Shelving location Date acquired Full call number Accession Number Item type
    Lending WERC Library WERC Library Social Science Cupboard 03/31/2024 306.8 THI 5499 Books in Stacks (Lending)

© WERC Library